Score 0/15 Timer 03:00
0 Plays Today
% Correct
Sahara
93.4%
Gobi
89.8%
Kalahari
86.2%
Arabian
85.5%
Namib
84.9%
Patagonian
84.1%
Atacama
82.2%
La Guajira
79.4%
% Correct
Kyzyl Kum
79.2%
Dasht-e Lut
77.1%
Simpson
73.9%
Gibson
73.7%
Sonoran
63.6%
Danakil
55.6%
Thar
50.1%

You're not logged in!

Compare scores with friends on all Sporcle quizzes.
OR
Log In

Sporcle TV

Today on Sporcle TV


Watch our educational content, quiz creation guides, and fun videos on Sporcle TV.

Show Comments

Extras

Top Quizzes Today


Score Distribution

Paid Content

Your Account Isn't Verified!

In order to create a playlist on Sporcle, you need to verify the email address you used during registration. Go to your Sporcle Settings to finish the process.

Report this User

Report this user for behavior that violates our Community Guidelines.

Details: